000 00930nam a2200253 a 4500
001 55190
003 BD-RjUL
005 20211209080229.0
008 161115s1968 bg ||||| |||| 00| 0 ben d
020 _c: TK 4.00
035 _a(BD-RjUL)55312
040 _aBD-RjUL
_bben
_cBD-RjUL
041 _aben
082 _223
_a954.91
_bKHP 1964
100 _aখান, লিয়াকত আলী
_9164440
245 1 0 _aপাকিস্তান এশিয়ার প্রাণকেন্দ্র /
_cলিয়াকত আলী খান
250 _a১ম সং .
260 _aঢাকা :
_bনওরোজ কিতাবিস্থান,
_c১৯৬৪
300 _a১৬৮ পৃ. ;
_c২১ সেমি .
651 _aপাকিস্তান
_9119512
651 _aPakistan
_9164441
700 _aরহিম, আবদুর, অনুবাদ
_9164442
942 _2ddc
_cBK
999 _c55190
_d55190